LEADER 00968nam--2200361---450- 001 990001727870203316 005 20060103094257.0 035 $a000172787 035 $aUSA01000172787 035 $a(ALEPH)000172787USA01 035 $a000172787 100 $a20040604d1980----km-y0itay0103----ba 101 0 $aeng 102 $aGB 105 $aa|||||||001yy 200 1 $aAtlas of the greek world...$fPeter Levi 210 $aOxford$cPhaidon$d1980 215 $a239 p.$cill.$d30 cm 410 0$12001 454 1$12001 461 1$1001-------$12001 606 0 $aGrecia antica$xAtlanti storici 676 $a911.38 700 1$aLEVI,$bPeter$0445785 801 0$aIT$bsalbc$gISBD 912 $a990001727870203316 951 $aIX.3. 230(X B 156)$b90971 L.M.$cX B 959 $aBK 969 $aUMA 979 $aSIAV5$b10$c20040604$lUSA01$h1516 979 $aCOPAT5$b90$c20060103$lUSA01$h0942 996 $aAtlas of the greek world$924439 997 $aUNISA